| 000 | 00550nam a22002057a 4500 | ||
|---|---|---|---|
| 003 | NUST | ||
| 005 | 20210527115633.0 | ||
| 020 | _a0195979869 | ||
| 038 | _aMSOHAIL | ||
| 082 |
_a338 _bKHA |
||
| 100 |
_aAkhtar Hameed Khan _946260 |
||
| 245 |
_aOrangi Pilot Project _bReminiscences and Reflections |
||
| 250 | _aExpanded edition | ||
| 260 |
_aOxford University Press _c2005 |
||
| 300 | _axivii, 175 P, : | ||
| 526 |
_a0 _b0 _c0 _d923_000000000000000_AKH |
||
| 563 | _aOrangi Pilot Project | ||
| 650 |
_a PG Wing - SCEE _955268 |
||
| 942 |
_2ddc _cBK |
||
| 999 |
_c566087 _d566087 |
||